|
|
|
|
| LEADER |
00000nam0a2200000 4500 |
| 001 |
117331 |
| 005 |
20231101215408.0 |
| 010 |
|
|
|a 9785741805060
|
| 010 |
|
|
|a 978-5-98672-080-7
|
| 035 |
|
|
|a (RuTPU)RU\TPU\book\127005
|
| 090 |
|
|
|a 117331
|
| 100 |
|
|
|a 20070601d2008 m y0rusy50 ca
|
| 101 |
0 |
|
|a rus
|
| 102 |
|
|
|a RU
|
| 105 |
|
|
|a a j 011zy
|
| 200 |
1 |
|
|a Управление устойчивостью карьерных откосов
|e учебник
|f В. Н. Попов, П. С. Шпаков, Ю. Л. Юнаков
|g Московский государственный горный университет (МГГУ)
|
| 210 |
|
|
|a Москва
|c Горная книга
|d 2008
|
| 215 |
|
|
|a 683 с.
|c ил.
|
| 225 |
1 |
|
|a Горное образование
|
| 300 |
|
|
|a 90-летию МГА-МГИ-МГГУ посвящается.
|
| 320 |
|
|
|a Список литературы: с. 666-675.
|
| 330 |
|
|
|a Рассмотрено инженерно-геологическое обеспечение работ по расчету максимальных параметров и управлению устойчивостью бортов карьеров и отвалов. Приведены методы лабораторного, натурного определения характеристик прочности и деформируемости глинистых и скальных пород, метод обратных расчетов оползней. Даны инструкции пользования программами по расчету устойчивости карьерных откосов с численными примерами для всех расчетных схем и лротиводеформационными мероприятиями по обеспечению устойчивости карьерных откосов, а также инструментальным контролем за состоянием устойчивости прибортовых массивов карьеров. В.Н. Попов — д-р техн. наук, проф. кафедры «Маркшейдерское дело и геодезия» Московского государственного горного университета. П.С. Шпаков — д-р техн. наук, проф. Муромского института (филиала) Владимирского государственного университета. Ю.Л. Юнаков — канд. техн. наук, доц. кафедры «Маркшейдерское дело» Государственного университета цветных металлов и золота. Для студентов вузов, обучающихся по специальности «Маркшейдерское дело» направления подготовки «Горное дело».
|
| 606 |
1 |
|
|a Карьеры
|x Борта
|x Деформация
|x Устойчивость
|x Расчет
|2 stltpush
|3 (RuTPU)RU\TPU\subj\39408
|9 59521
|
| 610 |
1 |
|
|a открытые горные работы
|
| 610 |
1 |
|
|a карьерные откосы
|
| 610 |
1 |
|
|a карьерные отвалы
|
| 610 |
1 |
|
|a оценка
|
| 610 |
1 |
|
|a параметры
|
| 610 |
1 |
|
|a расчет
|
| 610 |
1 |
|
|a управление
|
| 610 |
1 |
|
|a инженерно-геологическое обеспечение
|
| 610 |
1 |
|
|a горное дело
|
| 610 |
1 |
|
|a физико-технические свойства
|
| 610 |
1 |
|
|a глинистые породы
|
| 610 |
1 |
|
|a деформируемость
|
| 610 |
1 |
|
|a лабораторное оборудование
|
| 610 |
1 |
|
|a стабилометры
|
| 610 |
1 |
|
|a натуральные испытания
|
| 610 |
1 |
|
|a сдвиг
|
| 610 |
1 |
|
|a сопротивление
|
| 610 |
1 |
|
|a оползни
|
| 610 |
1 |
|
|a метод обратных расчетов
|
| 610 |
1 |
|
|a неоднородные откосы
|
| 610 |
1 |
|
|a скальные массивы
|
| 610 |
1 |
|
|a уступы
|
| 610 |
1 |
|
|a заоткоска
|
| 610 |
1 |
|
|a прибертовые массивы
|
| 610 |
1 |
|
|a укрепление
|
| 610 |
1 |
|
|a поверхностные воды
|
| 610 |
1 |
|
|a дренаж
|
| 610 |
1 |
|
|a учебники
|
| 675 |
|
|
|a 622.271.33(075.8)
|v 3
|
| 700 |
|
1 |
|a Попов
|b В. Н.
|g Владислав Николаевич
|
| 701 |
|
1 |
|a Шпаков
|b П. С.
|g Петр Сергеевич
|
| 701 |
|
1 |
|a Юнаков
|b Ю. Л.
|g Юрий Леонидович
|
| 712 |
0 |
2 |
|a Московский государственный горный университет (МГГУ)
|c (1993- )
|2 stltpush
|3 (RuTPU)RU\TPU\col\453
|
| 801 |
|
1 |
|a RU
|b 63413507
|c 20070601
|g PSBO
|
| 801 |
|
2 |
|a RU
|b 63413507
|c 20140707
|g PSBO
|
| 942 |
|
|
|c BK
|
| 959 |
|
|
|a 44/20080417
|d 2
|e 0
|f АНЛ:1
|f ЧЗТЛ:1
|